<?xml version="1.0" encoding="UTF-8"?>
<marc:record xmlns:marc="http://www.loc.gov/MARC21/slim">
   <marc:leader>00000nam a2200000 a 4500</marc:leader>
   <marc:datafield ind1="1" ind2=" " tag="100">
      <marc:subfield code="a">Bohnstedt, Antje</marc:subfield>
      <marc:subfield code="4">aut</marc:subfield>
      <marc:subfield code="e">Verfasser/-in</marc:subfield>
   </marc:datafield>
   <marc:datafield ind1=" " ind2=" " tag="653">
      <marc:subfield code="a">Gefühle</marc:subfield>
   </marc:datafield>
   <marc:datafield ind1=" " ind2=" " tag="653">
      <marc:subfield code="a">Mut</marc:subfield>
   </marc:datafield>
   <marc:datafield ind1=" " ind2=" " tag="653">
      <marc:subfield code="a">Selbstvertrauen</marc:subfield>
   </marc:datafield>
   <marc:datafield ind1=" " ind2=" " tag="653">
      <marc:subfield code="a">Antolin</marc:subfield>
   </marc:datafield>
   <marc:datafield ind1=" " ind2=" " tag="653">
      <marc:subfield code="a">Klasse-4</marc:subfield>
   </marc:datafield>
   <marc:datafield ind1="0" ind2="0" tag="245">
      <marc:subfield code="a">Das große Gefühle-Bestimmungsbuch</marc:subfield>
   </marc:datafield>
   <marc:datafield ind1="0" ind2="0" tag="245">
      <marc:subfield code="b">mit Eddie, dem Gefühle-Monsterchen</marc:subfield>
   </marc:datafield>
   <marc:datafield ind1=" " ind2="1" tag="264">
      <marc:subfield code="b">Vermes-Verlag Ges.m.b.H</marc:subfield>
      <marc:subfield code="c">2024</marc:subfield>
   </marc:datafield>
   <marc:datafield ind1="1" ind2=" " tag="520">
      <marc:subfield code="a">Von Angst bis Zufriedenheit: Mit Eddie auf emotionale Entdeckungsreise. Gefühle sind manchmal wie eine Zwiebel. Sie haben viele Schichten. Hinter Wut kann sich Angst, Neid oder Trauer verbergen . oder eine Mischung aus allen dreien. Bei den meisten Menschen lassen sich Stimmungen an Gesicht, Körperhaltung, Stimme und Gesten ablesen. Und bei einem selbst entsteht oft ein inneres Bild: Wut kann sich zum Beispiel wie ein brodelnder Vulkan anfühlen. Was Kinder (und Erwachsene) sonst noch alles über den Umgang mit Gefühlen wissen sollten, erzählt das grüne Monsterchen Eddie. Mit vielen Illustrationen und alltagsnahen Beschreibungen hilft es, die 14 Grundgefühle kinderleicht einzuordnen. So gelingt ein umsichtiger und bewusster Umgang mit Emotionen.</marc:subfield>
   </marc:datafield>
   <marc:datafield ind1=" " ind2=" " tag="020">
      <marc:subfield code="a">9783903300927</marc:subfield>
      <marc:subfield code="9">9783903300927</marc:subfield>
   </marc:datafield>
</marc:record>
